International finance / (Record no. 3878)

MARC details
000 -LEADER
fixed length control field 00443pam a2200157 4500
001 - CONTROL NUMBER
control field 4671
005 - DATE AND TIME OF LATEST TRANSACTION
control field 20181127173915.0
008 - FIXED-LENGTH DATA ELEMENTS--GENERAL INFORMATION
fixed length control field 841016s1985 nyua b 001 0 eng
010 ## - LIBRARY OF CONGRESS CONTROL NUMBER
LC control number 84022551
020 ## - INTERNATIONAL STANDARD BOOK NUMBER
International Standard Book Number 9789383360161
100 1# - MAIN ENTRY--PERSONAL NAME
Personal name Chakraborty, Swati.
Dates associated with a name
245 10 - TITLE STATEMENT
Title International finance /
Statement of responsibility, etc. Dr.Swati Chakraborty.
260 ## - PUBLICATION, DISTRIBUTION, ETC.
Place of publication, distribution, etc. Kolkata :
Name of publisher, distributor, etc. The Elegant Publications,
Date of publication, distribution, etc. 2015.
300 ## - PHYSICAL DESCRIPTION
Extent 314 p. ;
Other physical details
Dimensions 25 cm.
650 #0 - SUBJECT ADDED ENTRY--TOPICAL TERM
Topical term or geographic name entry element International finance.
Holdings
Withdrawn status Lost status Source of classification or shelving scheme Damaged status Not for loan Collection code Home library Current library Shelving location Serial Enumeration / chronology Inventory number Total Checkouts Full call number Barcode Date last seen Price effective from Koha item type Date acquired Total Renewals Date last checked out Copy number
    Dewey Decimal Classification     Main TEST RTC Library RTC Library Main opac 7401   658.15 CHA 30007519 27/11/2018 27/11/2018 Main        
    Dewey Decimal Classification     Main TEST RTC Library RTC Library Main opac 9498 2 658.15 CHA 30008381 06/09/2022 27/11/2018 Main 28/07/2022 3 28/07/2022 2
Royal Thimphu College || All Right Reserved